GFL Teams 2024 - Statistiken

Allgemein
  • Dieses Quiz wurde 27 mal gespielt
  • Das Durchschnittsergebnis liegt bei 8 aus 15
Antwortstatistiken
Gruppe Team % Korrekt
Süd Schwäbisch Hall Unicorns
83%
Nord Potsdam Royals
79%
Nord Dresden Monarchs
75%
Nord New Yorker Lions Braunschweig
67%
Nord Hildesheim Invaders
58%
Süd Allgäu Comets
54%
Nord Berlin Adler
54%
Nord Berlin Rebels
54%
Nord Kiel Baltic Hurricanes
54%
Süd Munich Cowboys
54%
Nord Paderborn Dolphins
42%
Süd Kirchdorf Wildcats
38%
Süd Straubing Spiders
38%
Süd Saarland Hurricanes
33%
Süd ifm Razorbacks Ravensburg
13%
Keine übereinstimmenden Quizze gefunden
Verteilung der Resultate
Anzahl Personen mit jedem Resultat
Perzentil nach korrekt beantworteten Fragen
Ihre Resultats-Entwicklung
Sie haben dieses Quiz noch nicht gespielt